[Event "Pan American-ch U14 Girls 27th"]
[Site "Montevideo"]
[Date "2016.07.28"]
[Round "5"]
[White "Buendia Rojas, Ana Cecilia"]
[Black "Sato, Leticia Miho"]
[Result "0-1"]
[WhiteElo "1388"]
[BlackElo "1506"]
[PlyCount "110"]
[EventDate "2016.07.25"]
[EventType "swiss"]
[EventRounds "9"]
[EventCountry "URU"]
[SourceTitle "EXT 2017"]
[Source "ChessBase"]
[SourceDate "2016.10.25"]
[SourceVersion "1"]
[SourceVersionDate "2016.10.25"]
[SourceQuality "1"]

1. e4 e5 2. Nf3 Nf6 3. d3 Nc6 4. Be2 h6 5. Nbd2 Bc5 6. Nf1 d6 7. Ng3 Bd7 8. c3 Bb6 9. d4 exd4 10. cxd4 Qe7 11. d5 Ne5 12. 0-0 0-0 13. Nf5 Bxf5 14. exf5 Qd7 15. Nh4 Rfe8 16. Bf3 Nxf3+ 17. Qxf3 Re5 18. Rd1 Rae8 19. Bf4 Re2 20. Bg3 Rxb2 21. Qf4 Nh5 22. Qg4 Nxg3 23. hxg3 Rxf2 24. Qh3 Rxa2+ 25. Kh2 Rae2 26. Ra3 Re1 27. Raa1 Bg1+ 28. Kh1 Bf2+ 29. Rxe1 Rxe1+ 30. Rxe1 Bxe1 31. Nf3 Bc3 32. g4 Bf6 33. Qg3 Qe7 34. Qf2 a5 35. Qa7 b6 36. Qa8+ Qd8 37. Qc6 Qe7 38. Qa8+ Kh7 39. Qc6 Qd8 40. Nd2 Qb8 41. Qd7 Kg8 42. Ne4 b5 43. Qc6 b4 44. Qa4 Qa8 45. Qc6 Qxc6 46. dxc6 a4 47. Nxd6 Be5 48. Nc4 f6 49. Nd2 a3 50. Nb3 a2 51. Kg1 a1Q+ 52. Nxa1 Bxa1 53. Kf1 b3 54. Ke2 b2 55. Kd2 b1Q 0-1

[Event "Pan American-ch U14 Girls 27th"]
[Site "Montevideo"]
[Date "2016.07.26"]
[Round "3"]
[White "Buendia Rojas, Ana Cecilia"]
[Black "Belmonte, Dulce"]
[Result "1-0"]
[WhiteElo "1388"]
[BlackElo "1574"]
[PlyCount "125"]
[EventDate "2016.07.25"]
[EventType "swiss"]
[EventRounds "9"]
[EventCountry "URU"]
[SourceTitle "EXT 2017"]
[Source "ChessBase"]
[SourceDate "2016.10.25"]
[SourceVersion "1"]
[SourceVersionDate "2016.10.25"]
[SourceQuality "1"]

1. e4 e6 2. d4 d5 3. exd5 exd5 4. c4 Nf6 5. Bg5 Be7 6. Nc3 Be6 7. cxd5 Nxd5 8. Bxe7 Qxe7 9. Nxd5 Bxd5+ 10. Qe2 Be6 11. Qe3 0-0 12. Nf3 Re8 13. Be2 Nc6 14. 0-0 Rad8 15. Bb5 Qd6 16. Ne5 Bd5 17. Qc3 Re7 18. Bxc6 bxc6 19. Rfc1 Re6 20. Qa5 f6 21. Nc4 Bxc4 22. Rxc4 Re4 23. Qxa7 Rxd4 24. Rxd4 Qxd4 25. Qxd4 Rxd4 26. f3 Kf8 27. b3 c5 28. Rc1 Rd5 29. a4 Rd3 30. Rb1 Rd2 31. Ra1 Rb2 32. Ra3 Rd2 33. Kf1 Rd6 34. Ke2 Ke7 35. a5 Ra6 36. Kd3 Kd6 37. Kc4 Kc6 38. b4 cxb4 39. Kxb4 Kb7 40. Re3 Rd6 41. Re7 Rd4+ 42. Kc3 Ra4 43. Rxg7 Rh4 44. h3 Ka6 45. Rxc7 Kxa5 46. Rc4 Rh5 47. Rg4 Kb6 48. Kd4 Kc6 49. Rg3 Kd6 50. Ke4 Ke6 51. Kf4 Rh6 52. Kg4 Rg6+ 53. Kf4 Rh6 54. Rg8 Rh4+ 55. Rg4 Rh5 56. Kg3 Rh6 57. Rh4 Rg6+ 58. Kf4 Rg7 59. g4 Kf7 60. Rh6 Ke7 61. h4 Kf7 62. Kf5 Rg8 63. Rxh7+ 1-0